<?xml version="1.0" encoding="UTF-8"?>
<record
    xmlns:xsi="http://www.w3.org/2001/XMLSchema-instance"
    xsi:schemaLocation="http://www.loc.gov/MARC21/slim http://www.loc.gov/standards/marcxml/schema/MARC21slim.xsd"
    xmlns="http://www.loc.gov/MARC21/slim">

  <leader>01800nam a22003617a 4500</leader>
  <controlfield tag="001">BRCA_9223</controlfield>
  <controlfield tag="003">FranzMayer</controlfield>
  <controlfield tag="005">20220921133739.0</controlfield>
  <controlfield tag="008">220909b        |||||||| |||| 00| 0 eng d</controlfield>
  <datafield tag="020" ind1=" " ind2=" ">
    <subfield code="a">9788417930233</subfield>
  </datafield>
  <datafield tag="040" ind1=" " ind2=" ">
    <subfield code="b">spa</subfield>
    <subfield code="c">MFM</subfield>
  </datafield>
  <datafield tag="041" ind1="1" ind2=" ">
    <subfield code="a">spa</subfield>
    <subfield code="h">fre</subfield>
  </datafield>
  <datafield tag="050" ind1=" " ind2=" ">
    <subfield code="a">DS821</subfield>
    <subfield code="b">F63 2020</subfield>
  </datafield>
  <datafield tag="100" ind1=" " ind2=" ">
    <subfield code="a">Focillon, Henri,</subfield>
    <subfield code="d">1881-1943</subfield>
    <subfield code="9">28529</subfield>
  </datafield>
  <datafield tag="245" ind1="1" ind2=" ">
    <subfield code="a">Ensayo sobre el genio japon&#xE9;s / </subfield>
    <subfield code="b">Henri Focillon</subfield>
  </datafield>
  <datafield tag="260" ind1=" " ind2=" ">
    <subfield code="a">Madrid, Espa&#xF1;a : </subfield>
    <subfield code="b">Casimiro libros, </subfield>
    <subfield code="c">2020</subfield>
  </datafield>
  <datafield tag="300" ind1=" " ind2=" ">
    <subfield code="a">100 p. : </subfield>
    <subfield code="b">il. fot. ;</subfield>
    <subfield code="c">12 x 17 cm.</subfield>
  </datafield>
  <datafield tag="500" ind1=" " ind2=" ">
    <subfield code="a">Ubicaci&#xF3;n: L60-N1</subfield>
  </datafield>
  <datafield tag="500" ind1=" " ind2=" ">
    <subfield code="a">Notas: pp. 91-100</subfield>
  </datafield>
  <datafield tag="505" ind1=" " ind2=" ">
    <subfield code="t">Henri Focillon, Jap&#xF3;n y la historia universal del arte / </subfield>
    <subfield code="r">David Almaz&#xE1;n Tom&#xE1;s</subfield>
  </datafield>
  <datafield tag="505" ind1=" " ind2=" ">
    <subfield code="t">Ensayo sobre el genio japon&#xE9;s / </subfield>
    <subfield code="r">Henri Focillon</subfield>
  </datafield>
  <datafield tag="505" ind1=" " ind2=" ">
    <subfield code="t">Notas</subfield>
  </datafield>
  <datafield tag="520" ind1=" " ind2=" ">
    <subfield code="a">Esta obra traducida conserva su inter&#xE9;s y permite acercarse a una interpretaci&#xF3;n de la cultura japonesa que refleja la mirada a Jap&#xF3;n de uno de los historiadores del arte m&#xE1;s destacados de Francia. A lo largo de la obra, Focillon exhibe s&#xF3;lidos conocimientos sobre la historia de Jap&#xF3;n, la estructura social japonesa y sus personajes m&#xE1;s relevantes. Tambi&#xE9;n hace una s&#xED;ntesis de su pensamiento religioso y de su arte. pero no se trata de una simple exposici&#xF3;n de datos, sino una presentaci&#xF3;n positiva de Jap&#xF3;n, su sociedad y su cultura. - David Almaz&#xE1;n Tom&#xE1;s.</subfield>
  </datafield>
  <datafield tag="650" ind1=" " ind2=" ">
    <subfield code="a">Estructura social</subfield>
    <subfield code="z">Jap&#xF3;n</subfield>
    <subfield code="9">28530</subfield>
  </datafield>
  <datafield tag="650" ind1=" " ind2=" ">
    <subfield code="a">Cultura</subfield>
    <subfield code="x">Sociedad</subfield>
    <subfield code="z">Jap&#xF3;n</subfield>
    <subfield code="9">28531</subfield>
  </datafield>
  <datafield tag="650" ind1=" " ind2=" ">
    <subfield code="a">Arte</subfield>
    <subfield code="x">Historia</subfield>
    <subfield code="z">Jap&#xF3;n</subfield>
    <subfield code="9">1234</subfield>
  </datafield>
  <datafield tag="650" ind1=" " ind2=" ">
    <subfield code="a">Pensamiento religioso </subfield>
    <subfield code="z">Jap&#xF3;n</subfield>
    <subfield code="9">28532</subfield>
  </datafield>
  <datafield tag="651" ind1=" " ind2=" ">
    <subfield code="a">Jap&#xF3;n</subfield>
    <subfield code="x">Historia</subfield>
    <subfield code="9">28533</subfield>
  </datafield>
  <datafield tag="700" ind1=" " ind2=" ">
    <subfield code="a">Almaz&#xE1;n, David</subfield>
    <subfield code="e">contribuidor</subfield>
    <subfield code="9">28534</subfield>
  </datafield>
  <datafield tag="700" ind1=" " ind2=" ">
    <subfield code="a">Villarmir ramos, Diana</subfield>
    <subfield code="e">trad.</subfield>
    <subfield code="9">28535</subfield>
  </datafield>
  <datafield tag="942" ind1=" " ind2=" ">
    <subfield code="2">lcc</subfield>
    <subfield code="c">B</subfield>
  </datafield>
  <datafield tag="999" ind1=" " ind2=" ">
    <subfield code="c">10842</subfield>
    <subfield code="d">10842</subfield>
  </datafield>
  <datafield tag="952" ind1=" " ind2=" ">
    <subfield code="0">0</subfield>
    <subfield code="1">0</subfield>
    <subfield code="2">lcc</subfield>
    <subfield code="4">0</subfield>
    <subfield code="7">0</subfield>
    <subfield code="a">BRCA</subfield>
    <subfield code="b">BRCA</subfield>
    <subfield code="d">2022-09-09</subfield>
    <subfield code="l">0</subfield>
    <subfield code="o">DS821 F63 2020</subfield>
    <subfield code="p">CONT10011</subfield>
    <subfield code="r">2022-09-09 00:00:00</subfield>
    <subfield code="w">2022-09-09</subfield>
    <subfield code="y">B</subfield>
  </datafield>
</record>
